• 首页
  • 本馆介绍
  • 公告通知
  • 最新文献
  • 馆藏检索
  • 电子资源
  • 读者导购
  • 参考咨询
  • 我的图书馆
  • 登录
  • 详细信息显示
  • 放入我的书架
  • 预约/预借图书
  • 作者相关作品
  • 分类相关作品
  • 丛书相关作品
  • 出版社相关作品

书目信息

  • 表格格式
  • 工作单格式
  • 卡片格式
题名:
挪威的森林
    
 
作者: 村上春树 著
分册:  
出版信息: 上海   上海译文出版社  2007.06
页数: 357页
开本: 20cm
丛书名:
单 册:
中图分类: I313.45
科图分类:
主题词: 文学
电子资源:
ISBN: 7-5327-4312-8
000 00569nam0 2200193 450
001 2637849357
005 20260414103229.70
010    @a7-5327-4312-8@dCNY30.00
100    @a20260414d2007 km y0chiy0120 ea
101 0  @achi
102    @aCN@b310000
200 1  @a挪威的森林@ANuo Wei De Sen Lin@f村上春树著@FCun Shang Chun Shu Zhu
210    @a上海@c上海译文出版社@d2007.06
215    @a357页@d20cm
606 0  @a文学
690    @aI313.45@v4
701  0 @a村上春树@ACun Shang Chun Shu@4著
801  0 @aCN@b大连网信软件有限公司图书馆·11@c20260414
905    @aZUCC@dI313.45@e921
    
    挪威的森林/村上春树著.-上海:上海译文出版社,2007.06
    357页;20cm
    
    
    ISBN 7-5327-4312-8:CNY30.00
    
●
相关链接 在E读中查询图书 在五车中查询图书 在当当中查询图书 在豆瓣中查询图书


正题名:挪威的森林     索取号:I313.45/921         预约/预借

序号 登录号 条形码 馆藏地/架位号 状态 备注
1 1442650   214426502   第一样本阅览室/ [索取号:I313.45/921] 在馆    
唐山师范学院图书馆 欢迎您!
大连网信软件有限公司© 版权所有